Informe nacional sobre desarrollo humano 2010 (Registro nro. 2232)
[ vista simple ]
| 000 -LEADER | |
|---|---|
| fixed length control field | 01231 a2200229 4500 |
| 001 - CONTROL NUMBER | |
| control field | 32019 |
| 005 - DATE AND TIME OF LATEST TRANSACTION | |
| control field | 20260407155621.0 |
| 008 - FIXED-LENGTH DATA ELEMENTS--GENERAL INFORMATION | |
| fixed length control field | 260407a2010 arg spa d |
| 003 - CONTROL NUMBER IDENTIFIER | |
| control field | AR-UNSa-BCEJYS |
| 040 ## - CATALOGING SOURCE | |
| Original cataloging agency | AR-UNSa-BCEJYS |
| Language of cataloging | spa |
| Transcribing agency | AR-UNSa-BCEJYS |
| 080 ## - UNIVERSAL DECIMAL CLASSIFICATION NUMBER | |
| Universal Decimal Classification number | 316.42 |
| Common auxiliary subdivision | Cambio social en sociedades globales. Desarrollo social. Sociología del desarrollo (Desarrollo Humano) |
| 020 ## - INTERNATIONAL STANDARD BOOK NUMBER | |
| International Standard Book Number | 978-987-1560-18-9 |
| 041 ## - LANGUAGE CODE | |
| Language code of text/sound track or separate title | spa |
| 100 1# - MAIN ENTRY--PERSONAL NAME | |
| Personal name | Programa de las Naciones Unidas para el Desarrollo (PNUD) |
| 245 10 - TITLE STATEMENT | |
| Title | Informe nacional sobre desarrollo humano 2010 |
| Name of part/section of a work | Desarrollo humano en Argentina: trayectos y nuevos desafíos |
| 264 #1 - PRODUCTION, PUBLICATION, DISTRIBUTION, MANUFACTURE, AND COPYRIGHT NOTICE | |
| Place of production, publication, distribution, manufacture | Buenos Aires : |
| Name of producer, publisher, distributor, manufacturer | Programa de las Naciones Unidas para el Desarrollo (PNUD) |
| Date of production, publication, distribution, manufacture, or copyright notice | 2010 |
| 300 ## - PHYSICAL DESCRIPTION | |
| Extent | 179 p. |
| Dimensions | 30 cm. |
| 505 ## - FORMATTED CONTENTS NOTE | |
| Formatted contents note | 1. El desarrollo humano en Argentina (1970-2010): una mirada más allá de la coyuntura - 2. El crecimiento económico en el largo plazo - 3. La salud en el largo plazo - 4. La educación en el largo plazo - 5. Hacia una nueva agenda del desarrollo humano |
| 590 ## - LOCAL NOTE (RLIN) | |
| Local note | niveau_biblio:m niveau_hierar:0 |
| 856 41 - ELECTRONIC LOCATION AND ACCESS | |
| Uniform Resource Identifier | <a href="https://biblioeco.unsa.edu.ar/pmb/images/libros/Informe nacional sobre desarrollo humano 2010-l125140.jpg">https://biblioeco.unsa.edu.ar/pmb/images/libros/Informe nacional sobre desarrollo humano 2010-l125140.jpg</a> |
| Link text | Imagen de portada |
| Electronic format type | image/jpeg |
| 942 ## - ADDED ENTRY ELEMENTS (KOHA) | |
| Koha item type | |
| Withdrawn status | Lost status | Damaged status | Not for loan | Home library | Current library | Shelving location | Date acquired | Total checkouts | Full call number | Barcode | Date last seen | Price effective from | Koha item type |
|---|---|---|---|---|---|---|---|---|---|---|---|---|---|
| Biblioteca Prof. Eusebio Cleto del Rey | Biblioteca Prof. Eusebio Cleto del Rey | 07/04/2026 | 316.42 P962n/10 | L125140 | 07/04/2026 | 07/04/2026 | Libro |